| 000 | 00467nam a2200145 4500 | ||
|---|---|---|---|
| 008 | 160430b xxu||||| |||| 00| 0 eng d | ||
| 020 | _a9715844421 | ||
| 082 |
_22006 _aDFil 657 _bOn3f |
||
| 100 |
_97141 _aOng, Flocer Lao |
||
| 245 |
_aFundamentals of accounting: _btextbook for beginners/ _cFlocer Lao Ong. |
||
| 260 |
_aQueson City: _bC & E Publishing, _cc2006. |
||
| 300 |
_avi, 93 pages: _billustrations; _c26 cm. |
||
| 650 | 0 |
_97143 _aAccounting |
|
| 942 |
_2ddc _cDFIL |
||
| 999 |
_c2190 _d2190 |
||